Fundamentals of multimedia / (Record no. 180105)

000 -LEADER
fixed length control field 01457cam a2200361 a 4500
001 - CONTROL NUMBER
control field 13659556
003 - CONTROL NUMBER IDENTIFIER
control field NUST
005 - DATE AND TIME OF LATEST TRANSACTION
control field 20221026141402.0
008 - FIXED-LENGTH DATA ELEMENTS--GENERAL INFORMATION
fixed length control field 040720s2004 njuaf b 001 0 eng c
010 ## - LIBRARY OF CONGRESS CONTROL NUMBER
LC control number 2004301490
015 ## - NATIONAL BIBLIOGRAPHY NUMBER
National bibliography number GBA3-W6026
020 ## - INTERNATIONAL STANDARD BOOK NUMBER
International Standard Book Number 8129704382
035 ## - SYSTEM CONTROL NUMBER
System control number (OCoLC)ocm52486445
040 ## - CATALOGING SOURCE
Original cataloging agency UKM
Transcribing agency S3H
Modifying agency TXA
-- DLC
042 ## - AUTHENTICATION CODE
Authentication code pcc
050 00 - LIBRARY OF CONGRESS CALL NUMBER
Classification number QA76.575
Item number .L5 2004
082 00 - DEWEY DECIMAL CLASSIFICATION NUMBER
Classification number 006.7,LIZ
Edition number 22
100 1# - MAIN ENTRY--PERSONAL NAME
Personal name Li, Ze-Nian.
9 (RLIN) 101439
245 10 - TITLE STATEMENT
Title Fundamentals of multimedia /
Statement of responsibility, etc. Ze-Nian Li and Mark S. Drew.
260 ## - PUBLICATION, DISTRIBUTION, ETC.
Place of publication, distribution, etc. Upper Saddle River, NJ :
Name of publisher, distributor, etc. Pearson Prentice Hall,
Date of publication, distribution, etc. c2004.
300 ## - PHYSICAL DESCRIPTION
Extent xvi, 560 p., [8] p. of plates :
Other physical details ill. (some col.) ;
Dimensions 24 cm.
505 ## - FORMATTED CONTENTS NOTE
Formatted contents note Part-1: Multimedia Authoring and data Representations (Page-1), Part-2: Multimedia Data Compression (Page-165), Part-3: Multimedia Communication and Retrieval (Page-419).
650 #0 - SUBJECT ADDED ENTRY--TOPICAL TERM
Topical term or geographic name entry element Multimedia systems.
9 (RLIN) 36511
650 #0 - SUBJECT ADDED ENTRY--TOPICAL TERM
Topical term or geographic name entry element Data compression (Computer science)
9 (RLIN) 60248
650 #0 - SUBJECT ADDED ENTRY--TOPICAL TERM
Topical term or geographic name entry element Computer networks.
9 (RLIN) 3677
650 #0 - SUBJECT ADDED ENTRY--TOPICAL TERM
Topical term or geographic name entry element Multimedia systems
Form subdivision Problems, exercises, etc.
9 (RLIN) 101440
650 #0 - SUBJECT ADDED ENTRY--TOPICAL TERM
Topical term or geographic name entry element Data compression (Computer science)
Form subdivision Problems, exercises, etc.
9 (RLIN) 101441
650 #0 - SUBJECT ADDED ENTRY--TOPICAL TERM
Topical term or geographic name entry element Computer networks
Form subdivision Problems, exercises, etc.
9 (RLIN) 101442
700 1# - ADDED ENTRY--PERSONAL NAME
Personal name Drew, Mark S.
9 (RLIN) 101443
856 ## - ELECTRONIC LOCATION AND ACCESS
Materials specified Table of contents only
Uniform Resource Identifier <a href="http://www.loc.gov/catdir/toc/ecip0716/2007017469.html">http://www.loc.gov/catdir/toc/ecip0716/2007017469.html</a>
906 ## - LOCAL DATA ELEMENT F, LDF (RLIN)
a 7
b cbc
c pccadap
d 2
e ncip
f 20
g y-gencatlg
942 ## - ADDED ENTRY ELEMENTS (KOHA)
Source of classification or shelving scheme
Koha item type Book
Call number prefix 006.7,LIZ
Holdings
Withdrawn status Lost status Source of classification or shelving scheme Damaged status Not for loan Permanent Location Current Location Shelving location Date acquired Full call number Barcode Date last seen Price effective from Koha item type Public note
          Military College of Signals (MCS) Military College of Signals (MCS) General Stacks 12/12/2016 006.7,LIZ MCS31694 12/08/2016 12/12/2016 Book Almirah No.7, Shelf No.6
© 2023 Central Library, National University of Sciences and Technology. All Rights Reserved.